Animal Farm (Record no. 36191)

MARC details
000 -LEADER
fixed length control field 00445nam a2200193Ia 4500
008 - FIXED-LENGTH DATA ELEMENTS--GENERAL INFORMATION
fixed length control field 220531s9999 xx 000 0 und d
041 ## - LANGUAGE CODE
Language code of text/sound track or separate title eng
082 ## - DEWEY DECIMAL CLASSIFICATION NUMBER
Item number ORW
100 ## - MAIN ENTRY--PERSONAL NAME
Personal name Orwell, G.
9 (RLIN) 63754
245 ## - TITLE STATEMENT
Title Animal Farm
250 ## - EDITION STATEMENT
Edition statement 1ST
260 ## - PUBLICATION, DISTRIBUTION, ETC. (IMPRINT)
Place of publication, distribution, etc. New Delhi
Name of publisher, distributor, etc. UBSBD
Date of publication, distribution, etc. 2013
300 ## - PHYSICAL DESCRIPTION
Extent 127
542 ## - INFORMATION RELATING TO COPYRIGHT STATUS
Copyright holder 23-06-2015
551 ## -
-- English
-- Grantable-ENG
650 ## - SUBJECT ADDED ENTRY--TOPICAL TERM
Topical term or geographic name as entry element English
9 (RLIN) 63755
906 ## - LOCAL DATA ELEMENT F, LDF (RLIN)
d 2015-2016
Holdings
Withdrawn status Lost status Source of classification or shelving scheme Damaged status Not for loan Collection code Home library Current library Date acquired Vendor Cost, normal purchase price Total Checkouts Total Holds Full call number Barcode Date last seen Bill Date Koha item type Original Barcode
Withdrawn   Dewey Decimal Classification       Shri Siddhivinayak Mahila Mahavidyalaya Shri Siddhivinayak Mahila Mahavidyalaya 03/07/2015 Creative Book Service 70.00   5 /ORW/B/17194 SSMM-BK-17194 06/08/2022 06/08/2022 Books 010017194